Retrouvez ces joueurs de football #6 - Statistiques

Statistiques générales
  • Ce quiz a été pris 690 fois
  • Le résultat moyen est 10 sur 15
Statistiques - réponses
Par images Réponse % Correct
Alvaro Morata
85%
Kevin Trapp
79%
Takumi Minamino
78%
Federico Valverde
75%
Marco Reus
74%
Aymeric Laporte
72%
Federico Chiesa
67%
Yannick Carrasco
62%
Éder Militão
61%
Yussuf Poulsen
57%
Diego Costa
55%
Stephan El Shaarawy
54%
Hector Bellerin
53%
Ivan Perisic
53%
Carlos Bacca
34%
Aucun quiz correspondant
Distribution des résultats
% des personnes avec chaque résultat
Percentile par nombre de réponses
Votre historique - résultats
Vous n’avez pas pris ce quiz